Special report of Comptroller General of United States in compliance with section 24 of Permanent Appropriation Repeal Act, 1934 (supplemental to report of Feb. 27, 1935). Letter from the Comptroller General of the United States transmitting a further report on the survey made of the inactive and permanent appropriations and funds on the books of the government, and also certain funds in the custody of officers and employees of the United States in which the government is financially concerned for which no accounting is rendered to the General Accounting Office, and recommendations for such changes in existing law that would be of public interest.

Bibliographic Details
Corporate Authors: United States. Congress. House. Committee on Expenditures in the Executive Departments, ProQuest (Firm)
Format: eBook
Language:English
Published: Washington : [publisher not identified], 1935.
Series:United States congressional serial set.
Subjects:
Online Access:Connect to the full text of this electronic book

MARC

Tag First Indicator Second Indicator Subfields
LEADER 00000cam a22000001a 4500
001 in00003127020
005 20190402202840.0
006 m o d
007 cr un mmmapmmp
008 071214s1935 dcud o f000 0 eng d
035 |a cis2004190899 
040 |a UMI  |c UMI  |d UtOrBLW 
043 |a n-us--- 
099 |a ProQuest Serial Set Number 9928 H.doc.301 
110 1 |a United States.  |b Congress.  |b House.  |b Committee on Expenditures in the Executive Departments. 
245 1 0 |a Special report of Comptroller General of United States in compliance with section 24 of Permanent Appropriation Repeal Act, 1934 (supplemental to report of Feb. 27, 1935). Letter from the Comptroller General of the United States transmitting a further report on the survey made of the inactive and permanent appropriations and funds on the books of the government, and also certain funds in the custody of officers and employees of the United States in which the government is financially concerned for which no accounting is rendered to the General Accounting Office, and recommendations for such changes in existing law that would be of public interest. 
246 1 |a Further report on survey of inactive and permanent appropriations and funds on books of Government, etc 
264 1 |a Washington :  |b [publisher not identified],  |c 1935. 
300 |a 1 online resource. 
336 |a text  |b txt  |2 rdacontent 
337 |a computer  |b c  |2 rdamedia 
338 |a online resource  |b cr  |2 rdacarrier 
490 0 |a H.doc.301 
500 |a Record is based on bibliographic data in ProQuest U.S. Serial Set Digital Collection (last viewed Dec. 2007). Reuse except for individual research requires license from ProQuest, LLC. 
510 3 |a ProQuest U.S. Serial Set Digital Collection 
500 |a Electronic resource. 
610 1 0 |a United States.  |b General Accounting Office. 
650 0 |a Accounting. 
650 0 |a Expenditures, Public. 
655 7 |a Electronic books.  |2 local 
710 2 |a ProQuest (Firm) 
830 0 |a United States congressional serial set. 
856 4 0 |u http://proxy.library.tamu.edu/login?url=http://congressional.proquest.com/congcomp/getdoc?SERIAL-SET-ID=9928+H.doc.301  |z Connect to the full text of this electronic book  |t 0 
999 |a MARS 
999 f f |s b2fa8d62-4797-3b7e-8aa4-60634a26561f  |i df3f80cf-1bb4-3974-b018-60f38a11d587  |t 0 
952 f f |a Texas A&M University  |b College Station  |c Electronic Resources  |d Available Online  |t 0  |e ProQuest Serial Set Number 9928 H.doc.301  |h Other scheme 
998 f f |a ProQuest Serial Set Number 9928 H.doc.301  |t 0  |l Available Online